Una meditación

I tiakina i:
Ngā taipitopito rārangi puna kōrero
Kaituhi matua: Benet, Juan (Author)
Hōputu: Pukapuka
Reo:Pāniora
I whakaputaina: Madrid Alfaguara 1985
Rangatū:Alfaguara Literaturas, 183
Ngā marau:
Ngā Tūtohu: Tāpirihia he Tūtohu
Kāore He Tūtohu, Me noho koe te mea tuatahi ki te tūtohu i tēnei pūkete!

MARC

LEADER 00000nam a2200000 a 4500
001 UCX3973
003 CL-VaPUC
008 920305e19850000SP |||||||||||||||||spa|d
082 0 4 |a 863  |b BEN  |2 21 
100 0 |a Benet, Juan  |e author  |9 320152 
245 1 4 |a Una meditación 
300 |a 445 p 
942 |c BK 
945 |d 19920305 00:00:00 
260 |a Madrid  |b Alfaguara  |c 1985 
650 0 |a Novelas españolas  |9 265052 
583 |a last modification  |c 19920305 00:00:00  |k Rodrigo Vera 
490 0 |a Alfaguara Literaturas, 183 
999 |c 224575  |d 224573 
952 |0 0  |1 0  |4 0  |6 863_000000000000000_BEN_1985  |7 0  |8 A  |9 221287  |a BIBEDU  |b BIBEDU  |d 2019-11-15  |i 2900777  |o 863 BEN 1985  |p 2900777  |r 2019-11-15  |w 2019-11-15  |y BK  |k LIT